000 00785nam a2200253Ia 4500
003 OSt
005 20220923230626.0
006 a|||||r|||| 00| 0
007 ta
008 220922b |||||||| |||| 00| 0 san d
024 _a284,965
037 _cTextual
040 _aARTS
_cARTS
_bsan
041 _2san
_asan
082 _aQ127:25, 15L7
100 _aशर्मा, मधुबाला
_9156279
245 0 _aईशावास्योपनिषद्
246 _aĪshāvāsyopaniṣhad
260 _aदिल्ली
_b ईस्टर्न बुक लिंकर्स
_c1977
300 _a31पृ0
_ccm.
650 _aधर्म
942 _hQ127:25, 15L7
_cTEXL
_2CC
999 _c386135
_d386135